| Tag |
First Indicator |
Second Indicator |
Subfields |
| LEADER |
00000cam a2200000 4500 |
| 001 |
in00003868340 |
| 005 |
20190415191019.0 |
| 006 |
m o d |
| 007 |
cr |n||||||||n |
| 008 |
950530s1737 enk|||| o 00| ||eng c |
| 035 |
|
|
|a (CU-RivES)T224962
|
| 035 |
|
|
|a (Uk-ES)006319359
|
| 035 |
|
|
|a (OCoLC)510706851
|
| 040 |
|
|
|a Uk-ES
|c Uk-ES
|d CStRLIN
|d Cengage Gale
|d UtOrBLW
|
| 100 |
1 |
|
|a Huber, John-James.
|0 http://id.loc.gov/authorities/names/nr96042230
|
| 245 |
1 |
2 |
|a A memorial relating to the tobacco-trade.
|
| 264 |
|
1 |
|a [London?] :
|b [publisher not identified],
|c [1737?]
|
| 300 |
|
|
|a 1 online resource (12 pages)
|
| 336 |
|
|
|a text
|b txt
|2 rdacontent
|
| 337 |
|
|
|a computer
|b c
|2 rdamedia
|
| 338 |
|
|
|a online resource
|b cr
|2 rdacarrier
|
| 500 |
|
|
|a Drop-head title.
|
| 500 |
|
|
|a Signed at end: John-James Huber.
|
| 509 |
|
|
|a Not in Hanson. Dated from internal evidence. -
|
| 510 |
4 |
|
|a English Short Title Catalog,
|c T224962.
|
| 500 |
|
|
|a Reproduction of original from British Library.
|
| 500 |
|
|
|a Electronic resource.
|
| 650 |
|
0 |
|a Tobacco
|v Early works to 1800.
|
| 655 |
|
7 |
|a Electronic books.
|2 local
|
| 710 |
2 |
|
|a Gale (Firm)
|0 http://id.loc.gov/authorities/names/no2008071348
|
| 752 |
|
|
|a Great Britain
|b England
|d London.
|
| 856 |
4 |
0 |
|u http://proxy.library.tamu.edu/login?url=http://find.galegroup.com/ecco/infomark.do?contentSet=ECCOArticles&docType=ECCOArticles&bookId=1322000600&type=getFullCitation&tabID=T001&prodId=ECCO&docLevel=TEXT_GRAPHICS&version=1.0&source=library&userGroupName=txshracd2898
|z Connect to the full text of this electronic book
|t 0
|
| 999 |
f |
f |
|s fe1edafa-f4f6-334e-a231-3cec2daeb762
|i 420b3909-0429-3ddf-ae06-653984da4245
|t 0
|
| 952 |
f |
f |
|a Texas A&M University
|b College Station
|c Electronic Resources
|d Available Online
|t 0
|h No information provided
|
| 998 |
f |
f |
|t 0
|l Available Online
|